[Event "Salou Salauris op 1st"]
[Site "Salou"]
[Date "2021.06.25"]
[Round "2"]
[White "Requena Kramer, Lukas"]
[Black "Martinez Marco, Gregorio"]
[Result "0-1"]
[WhiteElo "1348"]
[BlackElo "1252"]
[PlyCount "70"]
[EventDate "2021.06.25"]
[EventType "swiss"]
[EventRounds "7"]
[EventCountry "ESP"]
[SourceTitle "CBM 203 Extra"]
[Source "ChessBase"]
[SourceDate "2021.09.30"]
[SourceVersion "1"]
[SourceVersionDate "2021.09.30"]
[SourceQuality "1"]

1. e4 e5 2. Nf3 Nc6 3. Bc4 Nf6 4. d3 Bc5 5. Bg5 d6 6. Nbd2 Bg4 7. c3 0-0 8. Nb3 Bb6 9. d4 Re8 10. d5 Na5 11. Bb5 c6 12. Nxa5 cxb5 13. Nb3 h6 14. Bh4 a5 15. h3 Bh5 16. Qd3 b4 17. Qb5 Qc7 18. Nfd2 g5 19. Nc4 Ra6 20. Bg3 Kf8 21. h4 Nxe4 22. Nxb6 Qxb6 23. Qxb6 Rxb6 24. Nxa5 bxc3 25. bxc3 Nxc3 26. hxg5 Bg6 27. Nc4 Ra6 28. gxh6 Ke7 29. h7 Rh8 30. Bh4+ f6 31. Bg3 Rxh7 32. Rxh7+ Bxh7 33. Ne3 Nxa2 34. Rb1 b6 35. Nc4 Bxb1 0-1